Missarum V. vocum, liber I. Selectiores Qvaedam Missae, Pro Ecclesia Dei Non Invtiles, nunc primùmm in lucem datae ac correctae ab Authore Jacobo Händl. Discantvs. Libri Tertii

Bibliographic Details
Main Author: Handl, Jacob, 1550-1591 (Author)
Other Authors: Černý z Černého Mostu, Jiří, zomrel 1606 (Printer)
Format: Book
Language:Latin
PhysicalDescription:I3-4, K4-R2 [=23] listov zachovaných 4° - priečne
Published: Pragae Ex Officina Typographica Georgii Nigrini Anno M.D.LXXX. [=1580]
Subjects:

MARC

LEADER 00000nam a2200000 a 4500
001 vtls012136789
003 SK-MaSNL
005 20260301055618.0
008 251112s1580 xr f 000 0 lat
015 |a SNBHFA 
040 |a SNKHF  |b slo  |c SNKHF  |e AACR2 
041 |a lat 
044 |a xr  |c CZ 
072 7 |a 78  |x Hudba  |2 konspekt 
080 |a 78  |2 2011 
100 1 |a Handl, Jacob,  |d 1550-1591  |4 aut  |9 102691 
245 1 0 |a Missarum V. vocum, liber I. Selectiores Qvaedam Missae, Pro Ecclesia Dei Non Invtiles, nunc primùmm in lucem datae ac correctae ab Authore Jacobo Händl. Discantvs. Libri Tertii 
260 |a Pragae  |b Ex Officina Typographica Georgii Nigrini  |c Anno M.D.LXXX. [=1580] 
300 |a I3-4, K4-R2 [=23] listov zachovaných  |c 4° - priečne 
500 |a Vinety, iniciálky s ornamentálnym a figurálnym pozadím v rámčeku na 1 notovú osnovu, časť titulného listu v rámčeku s ornamentálnou výzdobou, menzurálna notácia, je to časť súborného vydania 
500 |a Za dielom sú voviazané rukopisné defektné magnifikaty od Philippa de Monte; omša neznámeho autora; omša od Philippa de Monte; omša neznámeho autora; magnifikaty Leohnarda Lechnera; omša Orlanda di Lasso a ďalších päť omší od neznámych autorov 
501 |a Príväzok 3. k: AMMON, Blasius: Liber sacratissimarum cantionum. - Viennae : Stephan Creutzer. 1582. 4°.  |5 SNK HSD 536 
510 0 |a RISM A/I/4/H 1978 
546 |a Latinčina  |b Kurzíva 
561 |a Z knižnice františkánov v Bratislave.  |5 SNK HSD 536/prív.3 
650 0 7 |a hudba  |2 SNKPH  |9 1063 
700 1 |a Černý z Černého Mostu, Jiří,  |d zomrel 1606  |4 prt  |9 369514 
710 1 |a Františkáni (Bratislava, Slovensko)  |4 fmo  |9 281881 
752 |a Česko  |d Praha 
852 |a snk  |b Historické fondy  |p HSD 536/prív.3 
999 |c 613755  |d 615685 
952 |t Fr Ba 26860  |a SNK  |b SNK  |c SNK_HF  |y PREZ  |7 0  |p 17A1399604  |o snkHSD 536/prív.3  |i snkF 8589/2022  |8 5  |0 0  |1 0  |4 0  |d 2022-05-26  |l 0  |r 2026-02-23 16:31:00  |w 2026-02-23